| 000 | 00769nam a2200229Ia 4500 | ||
|---|---|---|---|
| 008 | 191130s1990##################000#0#eng## | ||
| 020 | _a9783110124576 | ||
| 022 | _a90037937 | ||
| 040 |
_aACL _cACL |
||
| 082 | _a700.94409041 TAY | ||
| 100 | _aTaylor, Seth | ||
| 245 |
_aLeft-wing Nietzscheans : the politics of German expressionism, 1910-1920 _cby Seth Taylor |
||
| 260 |
_aBerlin _bWalter de Gruyter _c1990 |
||
| 300 | _ax, 254 p. ; 25 cm | ||
| 500 | _aIncludes bibliographical references (p. [233]-247) and index | ||
| 650 | _aArts, German - 20th century | ||
| 650 | _aExpressionism (Art) - Germany | ||
| 650 | _aNietzsche, Friedrich Wilhelm, 1844-1900 - Influence | ||
| 990 | _a49702e8eac10000c5316e9fe479799ea | ||
| 991 | _a291704 | ||
| 999 |
_c231159 _d231159 |
||